000 00743nam a2200217 i 4500
001 bg
245 0 0 _aLeśnictwo 2008
_h[Dokument elektroniczny] /
_c[Główny Urząd Statystyczny, Departament Statystyki Rolnictwa i Środowiska].
250 _aWyd. 4.
260 _aWarszawa :
_bZakład Wydawnictw Statystycznych,
_c2008.
300 _adysk optyczny (CD-ROM) :
_bkolor ;
_c12 cm.
650 9 _aLeśnictwo
_zPolska
655 _aDokumenty elektroniczne
710 1 _aPolska
_bGłówny Urząd Statystyczny. Departament Statystyki Rolnictwa i Środowiska
022 _a18952666
040 _cBPK
041 0 _apol
044 _aPOL
080 _a630(438)(083.41)(05)(0.034.44)
942 _cCD
008 s pl f |000 0 pol
999 _c41183
_d41183
856 _uhttp://koha.tu.koszalin.pl/cgi-bin/koha/opac-detail.pl?biblionumber=41183
_yKatalog online BPK